000 00501nam a2200181Ia 4500
003 OSt
005 20260128160311.0
008 210210b1930 xxu||||| |||| 00| 0 eng d
040 _cAL
041 _aKannada
082 _a853/480
100 _aSHRINIVASA
_9161984
_d ಶ್ರೀನಿವಾಸ.
245 _aManjula:
_bಮಂಜುಳಾ
260 _aBengaluru
_bBengaluru Printing and Publishing Company Limited
_c1930
690 _aKannada Drama
_9161985
906 _a019754
942 _2ddc
_cBK
999 _c143895
_d143895